| 000 | 01114nam a2200253Ia 4500 | ||
|---|---|---|---|
| 003 | Ost | ||
| 005 | 20260507075243.0 | ||
| 008 | 260507s9999||||xx |||||||||||||| ||und|| | ||
| 040 | _cfsecg | ||
| 041 | _aara | ||
| 082 | _a330 | ||
| 100 |
_aاندرسون، جيمس _eمؤلف |
||
| 245 | 0 |
_aصنع السياسات العامة / _c جيمس اندرسون |
|
| 250 | _aطبعة 4 | ||
| 260 |
_aعمان: _bدار المسيرة, _c2010 |
||
| 300 |
_a240 صفحة؛ _c24 سم |
||
| 504 | _aمراجع ص.235 ؛ هوامش ص.233 | ||
| 520 | _aدراسة السياسة العامة ، صانعو السياسة و بيئاتهم ، صناعة السياسات و تنبنيها ، تنفيذ السياسات ، السياسات العامة ، أثر السياسة بين التقويم و التغيير،دراسة السيلسة العامة و المصلحة العامة . | ||
| 653 | _aالسياسات العامة | ||
| 653 | _aالعلوم الاجتماعية | ||
| 653 | _aالعلوم السياسية | ||
| 700 |
_aالكبيسي، عامر _eمؤلف ثانوي |
||
| 942 | _cكتاب | ||
| 999 |
_c43635 _d43635 |
||